George Meany and his times : a biography /

Bibliographic Details
Main Author: Robinson, Archie
Other Authors: Meany, George, 1894-1980
Format: Book
Language:English
Published: New York : Simon and Schuster, [1981]
Subjects:

MARC

Tag First Indicator Second Indicator Subfields
LEADER 00000cam a22000008a 4500
001 in00000090035
005 20151008063627.0
008 810813s1981 nyuaf b 00110beng
010 |a  81013616  
020 |a 0671421638 
035 |a (OCoLC)07731820 
035 |9 AAK2619AM 
040 |a DLC  |c DLC  |d TXA  |d UtOrBLW 
043 |a n-us--- 
049 |a TXAM  |c [1672472] 
050 0 0 |a HD6509.M4  |b R6 
082 0 |a 331.88/33/0924  |a B  |2 19 
100 1 |a Robinson, Archie. 
245 1 0 |a George Meany and his times :  |b a biography /  |c Archie Robinson. 
263 |a 8110 
264 1 |a New York :  |b Simon and Schuster,  |c [1981] 
264 4 |c ©1981 
300 |a 445 pages, 16 unnumbered pages of plates :  |b illustrations ;  |c 24 cm. 
336 |a text  |b txt  |2 rdacontent 
337 |a unmediated  |b n  |2 rdamedia 
338 |a volume  |b nc  |2 rdacarrier 
500 |a "George Meany's own story, told largely in his own words excerpted from taped interviews that began in late 1975 and ended in July 1979"--Acknowledgments. 
500 |a Includes index. 
504 |a Bibliography: page 419. 
600 1 0 |a Meany, George,  |d 1894-1980. 
610 2 0 |a AFL-CIO  |x History. 
650 0 |a Labor unions  |z United States  |x Officials and employees  |v Biography. 
700 1 |a Meany, George,  |d 1894-1980. 
999 |a MARS 
999 f f |s cf90d088-7c22-33cc-aa76-27f5a0566cba  |i 43a05c76-9b5c-3873-a0dc-f4ee55e3c98a  |t 0 
952 f f |p ric  |a Texas A&M University  |b Rellis Campus  |c Joint Library Facility  |d Remote Storage  |t 0  |e HD6509.M4 R6  |h Library of Congress classification  |i unmediated -- volume  |m A14806128667 
998 f f |a HD6509.M4 R6  |t 0  |l Remote Storage